[Event "Oberoesterreich-ch Seniors"]
[Site "Ansfelden"]
[Date "2007.06.14"]
[Round "4.2"]
[White "Sturmberger, Franz"]
[Black "Garn, Erwin"]
[Result "0-1"]
[WhiteElo "1804"]
[BlackElo "2012"]
[PlyCount "76"]
[EventDate "2007.06.11"]
[EventType "swiss"]
[EventRounds "7"]
[EventCountry "AUT"]
[SourceTitle "EXT 2024"]
[Source "ChessBase"]
[SourceDate "2023.10.10"]
[SourceVersion "1"]
[SourceVersionDate "2023.10.10"]
[SourceQuality "1"]

1. b4 a5 2. b5 e6 3. Bb2 Nf6 4. e3 d5 5. c4 dxc4 6. Bxc4 Nbd7 7. Nf3 Nb6 8. Be2 Bd7 9. Nc3 Be7 10. Ne5 0-0 11. Nxd7 Qxd7 12. 0-0 Rfd8 13. d4 Nfd5 14. Ne4 a4 15. a3 Qc8 16. Rc1 Rd7 17. Qc2 Nf6 18. Nc5 Bxc5 19. Qxc5 Qd8 20. Bf3 Rb8 21. e4 Rc8 22. Rc2 c6 23. Rfc1 h6 24. g4 Kh7 25. g5 cxb5 26. Qxb5 Rxc2 27. Rxc2 hxg5 28. Qxg5 Rc7 29. e5 Rxc2 30. exf6 g6 31. Bc1 Rxc1+ 32. Qxc1 Qxf6 33. Qe3 Nc4 34. Qc3 b5 35. Bc6 Qg5+ 36. Kf1 Nd2+ 37. Ke2 Nc4 38. Qb4 Qg4+ 0-1